000 00977cam a2200241 i 4500
003 SA-RiAUC
005 20250427070421.0
008 250425q19001999||| g 00000 ara c
040 _aSA-RiAUC
_bara
_cSA-RiAUC
_erda
082 0 4 _a253.4
090 _a253.4
_b ش ي خ
100 1 _aالشيخ، محمد خاطر محمد.
_eمؤلف.
245 1 0 _aجهاد في رفع بلوى الربا :
_bالفقه الإسلامي والمعاملات المالية المعاصرة /
_cمحمد خاطر محمد الشيخ.
264 1 _a[مكان النشر غير محدد] :
_b[الناشر غير محدد]،
_c[بين 1900 و1999]
300 _aمجلد ؛
_c24 سم
336 _aنص
_btxt
_2rdacontent
_3كتاب
337 _aبدون وسيط
_bn
_2rdamedia
338 _aمجلد
_bnc
_2rdacarrier
650 7 _aالربا
_2aucsh
650 7 _aالمعاملات (فقه إسلامي)
_2aucsh
942 _2ddc
_cBOOK
_n0
949 _aSA-JeALM
_d250425
_umohamedma123
_n1
999 _c7365
_d7365